| 000 | 01155nam a2200265 a 4500 | ||
|---|---|---|---|
| 001 | 000021616 | ||
| 005 | 20240410073846.0 | ||
| 008 | 100909s1994 dr 000 0bspa d | ||
| 040 |
_aDO-SdBNP _bspa _cBNPHU |
||
| 082 |
_a923.27293 _bD812T, 1994 |
||
| 100 | 1 |
_aTroncoso Sánchez, Pedro, _d1904-1989 _923599 |
|
| 245 | 1 | 3 |
_aLa faceta dinámica de Duarte ; _bEl decálogo duartiano / _cPedro Troncoso Sánchez. |
| 260 |
_aSanto Domingo : _bSecretaría de Estado de Educación, Bellas Artes y Cultos, _c1994. |
||
| 300 |
_a121 p. ; _c24 cm. |
||
| 500 | _aIncluye notas al pie de las páginas | ||
| 500 | _aA la cabeza de la portada: Publicaciones del Sesquicentenario de la Independencia Nacional | ||
| 501 | _aPublicado con: El decálogo duartiano | ||
| 504 | _aBibliografía: p. 115-121 | ||
| 590 | _aInventariado, 2020/BT | ||
| 563 | _aDos obras publicadas juntas con paginación continua. | ||
| 600 | 1 | 0 |
_aDuarte, Juan Pablo, _d1813-1876 _91494 |
| 651 | 0 |
_aRepública Dominicana -- _xHistoria -- _y1844-1930 _91009 |
|
| 700 | 1 | 2 |
_aTroncoso Sánchez, Pedro, _d1904-1989 _tEl decálogo duartiano _938598 |
| 910 | _aValidado. Control de calidad BNPHU. | ||
| 999 |
_c21115 _d21115 |
||